Loading...
| Mythology | 0 | 5 | 0 | 0 | 50 | 43 | 80.60 | 1 | 5 |
| History - Other History | 0 | 4 | 0 | 0 | 40 | 57 | 76.25 | 3 | 4 |
| Fine Arts - Painting and Sculpture | 0 | 4 | 1 | 0 | 35 | 77 | 86.25 | 2 | 4 |
| Social Science | 0 | 3 | 0 | 1 | 30 | 50 | 84.33 | 2 | 3 |
| History - American History | 0 | 3 | 1 | 0 | 25 | 47 | 69.33 | 2 | 3 |
| Religion | 0 | 2 | 0 | 0 | 20 | 55 | 79.50 | 2 | 2 |
| Fine Arts - Classical Music | 0 | 2 | 0 | 0 | 20 | 70 | 89.00 | 1 | 1 |
| Literature - British Literature | 0 | 2 | 0 | 0 | 20 | 48 | 92.50 | 1 | 2 |
| Science - Biology | 0 | 2 | 0 | 0 | 20 | 95 | 108.50 | 0 | 2 |
| History - European History | 0 | 2 | 1 | 0 | 15 | 38 | 60.00 | 2 | 2 |
| Literature - World Literature | 0 | 1 | 0 | 0 | 10 | 48 | 48.00 | 1 | 1 |
| History - World History | 0 | 2 | 2 | 0 | 10 | 15 | 53.50 | 2 | 2 |
| Current Events | 0 | 1 | 0 | 0 | 10 | 19 | 19.00 | 1 | 1 |
| Pop Culture | 0 | 1 | 0 | 0 | 10 | 136 | 136.00 | 0 | 0 |
| Fine Arts - Other Fine Arts | 0 | 1 | 1 | 0 | 5 | 68 | 68.00 | 1 | 1 |
| Science - Other Science | 0 | 0 | 0 | 0 | 0 | 0.00 | 0 | 0 | |
| Philosophy | 0 | 0 | 1 | 0 | -5 | 0.00 | 0 | 0 | |
| Other Academic | 0 | 0 | 1 | 0 | -5 | 0.00 | 0 | 0 |